| 000 | 01082cam a2200301 a 4500 | ||
|---|---|---|---|
| 005 | 20190522105536.0 | ||
| 008 | 190522s1991 enkad r 001 0 eng d | ||
| 010 | _a91010092 | ||
| 015 | _aNNN | ||
| 020 | _a0198283393 | ||
| 020 | _a9780198283393 | ||
| 040 |
_aCO-BoUCM _cSaul Niño _dSaul Niño |
||
| 041 | 0 | _aeng | |
| 245 | 0 | 0 |
_aLong-run economic relationships _breadings in cointegration _cedited by Robert F. Engle and Clive William John Granger |
| 260 |
_aOxford _aNew York _bOxford University Press _c1991 |
||
| 300 |
_aviii, 301 páginas _bilustraciones, gráficas y tablas |
||
| 490 | 0 | _aAdvanced texts in econometrics | |
| 546 | _aTexto en inglés | ||
| 650 | 7 |
_aEconometría _913653 |
|
| 650 | 7 |
_aAnálisis de series de tiempo _98970 |
|
| 650 | 2 | 4 |
_aModelos econométricos _919668 |
| 650 | 0 |
_aCointegración _996378 |
|
| 700 | 1 |
_aEngle, Robert F. _eeditor _996379 |
|
| 700 | 1 |
_aGranger, Clive William John _d1934- _eeditor _996380 |
|
| 740 | 0 | _aCointegration | |
| 942 |
_2DEWEY _a7 _cLIBRORESER _e1 _h330.015195 _mL849e |
||
| 999 |
_c312321 _d312321 |
||